[Event "The Faulks Shield"]
[Site "Hamilton"]
[Date "2019.02.05"]
[Round "2"]
[White "Mufandaedza, Moses"]
[Black "Cancino, Guilbert"]
[Result "0-1"]
[WhiteElo "1972"]
[BlackElo "1875"]
[PlyCount "110"]
[EventDate "2019.01.29"]
[EventType "swiss"]
[EventRounds "6"]
[EventCountry "BER"]
[SourceTitle "EXT 2021"]
[Source "ChessBase"]
[SourceDate "2020.10.23"]
[SourceVersion "1"]
[SourceVersionDate "2020.10.23"]
[SourceQuality "1"]

1. d4 Nf6 2. c4 e6 3. Nf3 c5 4. d5 exd5 5. cxd5 d6 6. Nc3 Be7 7. e4 0-0 8. Nd2 a6 9. a4 Bg4 10. Qc2 Nbd7 11. f4 Nh5 12. g3 Nxf4 13. Nc4 Ng6 14. Bg2 Nde5 15. Nxe5 Nxe5 16. 0-0 Qd7 17. a5 Rae8 18. Bf4 Bd8 19. Ra4 Bh3 20. Qb1 Bxg2 21. Kxg2 g5 22. Bd2 h5 23. Rf5 f6 24. b4 Nc4 25. Bc1 Re5 26. Rf2 cxb4 27. Qxb4 Bxa5 28. Rxa5 Nxa5 29. Qxa5 Kg7 30. Qb6 Kg6 31. Ba3 Rd8 32. Bc5 Ree8 33. Bb4 h4 34. Qd4 Re5 35. Qb6 hxg3 36. hxg3 Ree8 37. Rf5 Re5 38. Rf2 Ree8 39. Bc5 Rh8 40. Rf5 Qh7 41. Bg1 Qh3+ 42. Kf2 Rd7 43. Qd4 Rf8 44. Qa4 Rc7 45. Qb4 Rc5 46. Ne2 b5 47. Ke1 Rc4 48. Qxd6 Rxe4 49. Qxf8 Qxf5 50. Qg8+ Kh5 51. Qf7+ Kg4 52. Bd4 Qf3 53. Qe6+ Rxe6 54. dxe6 Qe4 55. Bxf6 Qxe6 0-1

[Event "Hamilton Williams Memorial"]
[Site "Hamilton"]
[Date "2018.11.13"]
[Round "4.2"]
[White "Woodley, Adrian"]
[Black "Cancino, Guilbert"]
[Result "1/2-1/2"]
[WhiteElo "1541"]
[BlackElo "1882"]
[PlyCount "118"]
[EventDate "2018.10.23"]
[EventType "swiss"]
[EventRounds "6"]
[EventCountry "BER"]
[SourceTitle "EXT 2024"]
[Source "ChessBase"]
[SourceDate "2023.10.10"]
[SourceVersion "1"]
[SourceVersionDate "2023.10.10"]
[SourceQuality "1"]

1. d4 Nf6 2. Bf4 d5 3. e3 Bf5 4. Nd2 e6 5. c3 Nbd7 6. Ngf3 h6 7. h3 c5 8. Be2 Be7 9. a4 0-0 10. 0-0 Qb6 11. Qc1 a6 12. a5 Qd8 13. Ne5 Nxe5 14. dxe5 Nd7 15. Nf3 f6 16. Rd1 Qe8 17. Bd3 fxe5 18. Nxe5 Nxe5 19. Bxe5 Qg6 20. Qc2 Bh4 21. Bxf5 Rxf5 22. f4 Qg3 23. Rxd5 Qxe3+ 24. Kh1 Bf6 25. Rd3 Rxe5 26. Rxe3 Rxe3 27. Qb3 Rd8 28. Qxb7 e5 29. fxe5 Bxe5 30. Qe7 Rd2 31. Qxc5 Rde2 32. Rf1 Re1 33. Qc4+ Kh7 34. Qxa6 Bg3 35. Qc4 Rxf1+ 36. Qxf1 Re1 37. Qxe1 Bxe1 38. a6 Bf2 39. g4 Kg6 40. Kg2 Ba7 41. Kf3 Kf6 42. b4 Ke5 43. c4 Kd4 44. c5 Kd5 45. Kf4 g6 46. h4 Bb8+ 47. Ke3 Kc6 48. Ke4 Kb5 49. Kd5 Kxa6 50. Ke6 Kb5 51. Kf6 g5 52. h5 Kxb4 53. Kg6 Kxc5 54. Kxh6 Kd6 55. Kxg5 Ke7 56. Kg6 Kf8 57. g5 Kg8 58. Kf6 Bf4 59. h6 Bxg5+ 1/2-1/2